Mastering C (Record no. 5013)

MARC details
000 -LEADER
fixed length control field 00343nam a2200157Ia 4500
008 - FIXED-LENGTH DATA ELEMENTS--GENERAL INFORMATION
fixed length control field 191201s2011 xx 000 0 und d
020 ## - INTERNATIONAL STANDARD BOOK NUMBER
International Standard Book Number 9780070616677
082 ## - DEWEY DECIMAL CLASSIFICATION NUMBER
Classification number 005.133
Item number VEM
100 ## - MAIN ENTRY--PERSONAL NAME
Personal name VENUGOPAL,K.R
245 #0 - TITLE STATEMENT
Title Mastering C
250 ## - EDITION STATEMENT
Edition statement Rep
260 ## - PUBLICATION, DISTRIBUTION, ETC. (IMPRINT)
Place of publication, distribution, etc N. Delhi
Name of publisher, distributor, etc TMG
Date of publication, distribution, etc 2011
300 ## - PHYSICAL DESCRIPTION
Extent 854
650 ## - SUBJECT ADDED ENTRY--TOPICAL TERM
Topical term or geographic name as entry element MCA
942 ## - ADDED ENTRY ELEMENTS (KOHA)
Source of classification or shelving scheme Dewey Decimal Classification
Koha item type Text Books
Holdings
Withdrawn status Lost status Source of classification or shelving scheme Damaged status Not for loan Collection code Home library Current library Date acquired Source of acquisition Cost, normal purchase price Bill Number Total Checkouts Full call number Acc. no. / Barcode Date last seen Bill Date Koha item type Date last borrowed
    Dewey Decimal Classification     MCA PIET C-LIBRARY PIET C-LIBRARY 14/09/2011 The book company 425.00 In-1683   005.133 VEM 18293 04/12/2019 10/09/2011 Text Books  
    Dewey Decimal Classification     MCA PIET C-LIBRARY PIET C-LIBRARY 14/09/2011 The book company 425.00 In-1683   005.133 VEM 18294 04/12/2019 10/09/2011 Text Books  
    Dewey Decimal Classification     MCA PIET C-LIBRARY PIET C-LIBRARY 14/09/2011 The book company 425.00 In-1683 1 005.133 VEM 18295 07/02/2022 10/09/2011 Text Books 03/01/2022
    Dewey Decimal Classification     MCA PIET C-LIBRARY PIET C-LIBRARY 14/09/2011 The book company 425.00 In-1683   005.133 VEM 18296 04/12/2019 10/09/2011 Text Books  
    Dewey Decimal Classification     Computer Science & Engineering in Cyber Security PIET C-LIBRARY PIET C-LIBRARY 14/09/2011 The book company 425.00 In-1683 1 005.133 VEM 18297 08/11/2021 10/09/2011 Text Books 25/10/2021
    Dewey Decimal Classification     Computer Science & Engineering in Cyber Security PIET C-LIBRARY PIET C-LIBRARY 14/09/2011 The book company 425.00 In-1683   005.133 VEM 18298 04/12/2019 10/09/2011 Text Books  

Design & Developed by: PIET Central Library
R70 Miles Stone Pattikalyana Samalkha Panipat 132102
mail ID :- [email protected], Phone No:- 0180-2569700 Ex.216